000 00779nam a2200217Ii 4500
003 JO-AjNU
008 230605s9999||||xx |||||||||||||| ||und||
017 _a2002/10/2520
040 _aJO-AjNU
_bara
_erda
_cJO-AjNU
041 _aara
050 1 4 _aTK3001.B3696 2003
100 3 _aتاليف بني ياسين،محمد الطالب/م مشارك محمد منصور المعاني,
_eauthor
_96923
245 0 0 _aالدارات الكهربائية =Electric Circuits
250 _aط1
264 3 1 _aاربد:دار الامل للنشر،2003
300 _a410ص
_bصور توضيحية
336 _atext
_btxt
_2rdacontent
337 _aunmediated
_bn
_2rdamedia
338 _avolume
_bnc
_2rdacarrier
650 4 _aالهندسة الكهربائية -الكهرباء
_96924
999 _aA18
_c3586
_d3586